Điện hóa học

Sách có nội dung về dung dịch chất điện li, hiện tượng cân bằng trên bề mặt điện cực, động học điện hóa và ứng dụng.

Kaydedildi:
Detaylı Bibliyografya
Yazar: Trịnh, Xuân Sén
Materyal Türü: Kitap
Dil:Undetermined
Baskı/Yayın Bilgisi: Hà Nội Đại học Quốc gia Hà Nội 2009
Konular:
Etiketler: Etiketle
Etiket eklenmemiş, İlk siz ekleyin!
Thư viện lưu trữ: Trung tâm Học liệu Trường Đại học Cần Thơ
LEADER 00781nam a2200205Ia 4500
001 CTU_104162
008 210402s9999 xx 000 0 und d
020 |c 42500 
082 |a 541.37 
082 |b S203 
100 |a Trịnh, Xuân Sén 
245 0 |a Điện hóa học 
245 0 |c Trịnh Xuân Sén 
260 |a Hà Nội 
260 |b Đại học Quốc gia Hà Nội 
260 |c 2009 
520 |a Sách có nội dung về dung dịch chất điện li, hiện tượng cân bằng trên bề mặt điện cực, động học điện hóa và ứng dụng. 
650 |a Chemistry, physical and theoretical,Electrochemistry 
904 |i Bạch Trúc 
980 |a Trung tâm Học liệu Trường Đại học Cần Thơ